000 00484nam a2200157Ia 4500
008 240729s9999 xx 000 0 und d
022 _a2383-3866
245 0 _aGlobal Journal of Environmental Science and Management
260 _aIran, Islamic Republic of
260 _bGJESM Publisher
650 _a Environmental sciences
650 _aGeography. Anthropology. Recreation
856 _uhttps://doaj.org/toc/99839fe6355047bb895650116088dbcb
942 _2ddc
942 _cDOAJEJ
999 _c70723
_d70723
945 _a1
_bMadushi Gamage
_c1
_dMadushi Gamage